000 01371cas a2200385 a 4500
999 _c2637
_d2637
001 11455451
003 GBCCL
005 20241126110434.0
008 950518c199u9999tnuar 0 a0eng c
010 _a 95648438
016 7 _a013585508
_2Uk
022 _a1084-872X
_l1084-872X
_y0074-6770
_21
035 _a(OCoLC)ocm32498357
037 _bAbingdon Press, The United Methodist Publishing House, P.O. Box 801, Nashville, TN 37202
040 _aIFA
_beng
_cIFA
_dDLC
_dNSD
_dOCLCQ
_dUKMGB
_dOCLCQ
_dOCLCF
_dYDXCP
_dOCLCO
042 _apcc
_ansdp
050 0 0 _aBV1560
_b.I64
082 0 0 _a268.61
_bNEW
210 0 _aNew int. lesson annu.
222 4 _aThe new international lesson annual
245 0 4 _aThe new international lesson annual.
260 _aNashville :
_bAbingdon Press
300 _av. ;
_c24 cm.
310 _aAnnual
588 _aDescription based on: Sept. 1995-Aug. 96.
590 _aSERBIB/SERLOC merged record
630 0 0 _aInternational Sunday school lessons
_vPeriodicals.
_9474
630 0 7 _aInternational Sunday school lessons.
_2fast
_0(OCoLC)fst01357555
_92919
655 7 _aPeriodicals.
_2fast
_0(OCoLC)fst01411641
_95568
780 0 0 _tInternational lesson annual
_x0074-6770
_w(DLC) 55006961
_w(OCoLC)2369568
906 _a7
_bcbc
_cserials
_du
_encip
_f19
_gn-oclcserc
942 _2ddc
_cBK